000 00627nam a2200193Ia 4500
003 GCL
008 140319s9999 xx 000 0 ara d
040 _aGCL /
_cGCL
082 0 4 _a811.04
_bق ا
100 1 _aقحطان رشيد التميمى
245 1 0 _aاتجاهات الهجاء فى القرن الثالث الهجرى /
_cقحطان رشيد التميمى
260 _a[S.N] :
_bدار المسيرة للنشر والتوزيع والطباعة
300 _a448 ص
490 _a
650 0 4 _aالشعر العربى
650 0 4 _aشعر الهجاء
650 0 4 _aتاريخ ونقد
942 _2ddc
_cBK
999 _c53530
_d53530